| 000 | 01210nam a2200337 i 4500 | ||
|---|---|---|---|
| 003 | EG-GICUC | ||
| 005 | 20260419151220.0 | ||
| 008 | 260419s1995 au ||||fr|||| 00| 0 ara d | ||
| 017 | _a94 /9832 | ||
| 020 | _a977 -5036-12-7 | ||
| 040 |
_a EG-GICUC _bara _c EG-GICUC _d EG-GICUC _erda |
||
| 041 | 0 | _aara | |
| 082 | 0 | 4 |
_221 _a345 _bم ص . ق |
| 092 | 0 | 4 | _221 |
| 099 | _aLaw1 07 345 م ص . و - 1ed 1995 | ||
| 100 | 0 |
_aمصطفى أبو زيد فهمي _eAuthor. |
|
| 245 | 0 | 2 |
_aالوسيط في القانون الإداري. _nالجزء الأول، _pتنظيم الإدارة العامة/ _cمصطفى أبو زيد فهمي. |
| 250 | _aالطبعة الأولى | ||
| 264 | 3 |
_aمصر : _bدار المطبوعات الجامعية، _c1995. |
|
| 300 |
_a431 صفحة؛ _c24 سم |
||
| 336 |
_2rda content _atext |
||
| 337 |
_2rda media _aComputer |
||
| 338 |
_2rda carrier _aOnline Resource |
||
| 546 | _aالنص باللغة العربية | ||
| 650 | 1 | 4 |
_aالقانون الإداري _2qrmak |
| 650 | 1 | 4 | _aتنظيم الإدارة العامة |
| 651 | 1 | _2qrmak | |
| 856 | 4 | 0 | _uhttps://fll.law.cu.edu.eg/fulltext/bks/لآ07-01741.pdf |
| 905 | _a165 | ||
| 942 |
_2ddc _cBK _e21 _n0 |
||
| 999 |
_c71871 _d71871 |
||